| 000 | 00831nam a22002535i 4500 | ||
|---|---|---|---|
| 001 | 11500 | ||
| 003 | ES-MaACL | ||
| 005 | 20250831014555.0 | ||
| 007 | t| | ||
| 008 | 920528s1992 sp ||||0| spa j | ||
| 020 | _a84-7100-385-6 | ||
| 040 |
_aM-BN _bspa _cM-BN |
||
| 080 | _a908(759) | ||
| 100 | 1 |
_aFernández-Shaw, Carlos, _d1924-2012 _950099 |
|
| 245 | 1 | 0 |
_aLa Florida contemporánea _b: Florida, tú eres / _cCarlos M. Fernández-Shaw. |
| 260 |
_aMadrid : _bMAPFRE, _cD.L. 1992. |
||
| 300 |
_a349 p ; _c23 cm. |
||
| 490 | 1 |
_aColección España y Estados Unidos ; _v2 |
|
| 504 | _aBibliografía: p. [321]-330. Indices. | ||
| 651 | 4 |
_aFlorida- _xDescripción. _98672 |
|
| 830 | 0 | 0 |
_aColección España y Estados Unidos (Mapfre) _v2 _9179133 |
| 852 |
_aES-MaACL _jL-18825 _bR.124059 |
||
| 999 |
_c11500 _d11500 |
||